The Kentish Town panorama (Record no. 116849)

MARC details
000 -LEADER
fixed length control field 00960cem a22002295a 4500
001 - CONTROL NUMBER
control field L140359
008 - FIXED-LENGTH DATA ELEMENTS--GENERAL INFORMATION
fixed length control field 070919s1986 xxk a 0 f eng u
035 ## - SYSTEM CONTROL NUMBER
System control number (Sirsi) u140359
041 0# - LANGUAGE CODE
Language code of text/sound track or separate title eng
110 2# - MAIN ENTRY--CORPORATE NAME
Corporate name or jurisdiction name as entry element London Topographical Society
9 (RLIN) 106
245 04 - TITLE STATEMENT
Title The Kentish Town panorama
Medium [cartographic material]
250 ## - EDITION STATEMENT
Edition statement Facsim.
255 ## - CARTOGRAPHIC MATHEMATICAL DATA
Statement of scale Scale not given
260 ## - PUBLICATION, DISTRIBUTION, ETC.
Place of publication, distribution, etc. London
Name of publisher, distributor, etc. London Topographical Society
Date of publication, distribution, etc. 1986
300 ## - PHYSICAL DESCRIPTION
Extent 1 panorama on 26 sheets
Other physical details in folder,
Dimensions 24 x 59 cm. +
Accompanying material 1 v. (31 p. ; 21 cm.)
500 ## - GENERAL NOTE
General note Published in conjunction with the London Borough of Camden, Libraries and Arts Department
500 ## - GENERAL NOTE
General note The item is accompanied by a booklet including biographical information on James Frederick King and information on the houses in each panel of the panorama.
651 4# - SUBJECT ADDED ENTRY--GEOGRAPHIC NAME
Geographic name London
690 ## - LOCAL SUBJECT ADDED ENTRY--TOPICAL TERM (OCLC, RLIN)
Topical term or geographic name as entry element ENVIRONMENTAL AND LAND CONSULTANCY-GEOMATICS-MAPPING AND POSITIONING-CARTOGRAPHY
700 1# - ADDED ENTRY--PERSONAL NAME
Personal name King, James Frederick
942 ## - ADDED ENTRY ELEMENTS (KOHA)
Suppress in OPAC 0
Holdings
Withdrawn status Lost status Source of classification or shelving scheme Damaged status Not for loan Home library Current library Shelving location Date acquired Total Checkouts Full call number Barcode Date last seen Copy number Price effective from Koha item type
    Dewey Decimal Classification     Historic collection Historic collection Historic collection 19/09/2007   MAP CABINET DRAWER 4 140359-2001 06/08/2019 1 06/08/2019 Archive